Statystyki dla Państwa z największą liczbą osób mówiących po rumuńsku

Kliknij tutaj aby rozwiązać quiz!

Ogólne statystyki

  • Ten quiz został rozwiązany 160 razy
  • Średni wynik to 9 z 14

Statystyki odpowiedzi

# Użytkownicy%Państwo% Poprawnych
17,2 mln90.6Rumunia
100%
2,76 mln70.1Mołdawia
89%
327 tys0.8Ukraina
87%
159 tys0.1Rosja
86%
340 tys0.1Stany Zjednoczone
83%
50,0 tys0.07Francja
74%
300 tys0.2Niemcy
74%
1,13 mln1.8Włochy
73%
67,5 tys0.1Wielka Brytania
70%
64,8 tys0.7Serbia
69%
798 tys1.7Hiszpania
67%
52,8 tys0.5Portugalia
49%
208 tys2.8Izrael
14%
110 tys0.3Egipt
7%

Rozkład punktacji

Percentyl według liczby udzielonych odpowiedzi

Procent ludzi z każdym wynikiem

Twoja historia wyników

Nie rozwiązałeś tego quizu